000 00546cam a2200205ua 4500
001 6182
008 131120n ii |||gr||||Z||||||eng
020 _a81-272-0057-3
040 _cMAIN
082 _a657
245 _aBook-Keeping and accountancy
_cBy C. Mohan Juneja
260 _aLudhiana:
_bKalyani Publishers,
_c1987.
300 _ax,13.87p.
653 _aCommerce
653 _aBook-Keeping and accountancy
700 _aJuneja,C. Mohan,
_eAuthor.,
700 1 _aChawla,R.C.,
_eAuthor.
700 1 _aSaksena,K.K.,
_eAuthor.
942 _cBK
999 _c5334
_d5334